<The> Internationalization of Industrial Systems Suppliers <A> Case Study of the Internationalization Process of Industrial Systems Suppliers with Special Emphasis on Strategy and Organization
Gespeichert in:
| 1. Verfasser: | |
|---|---|
| Format: | Buch |
| Sprache: | Englisch |
| Veröffentlicht: |
Helsinki
The Helsinki School of Economics and Business Administration
1991
|
| Ausgabe: | 1. ed. |
| Schriftenreihe: | Acta Academiae Oeconomicae Helsingiensis
|
| Schlagworte: | |
| Tags: |
Keine Tags, Fügen Sie das erste Tag hinzu!
|
MARC
| LEADER | 00000nam a2200000 4500 | ||
|---|---|---|---|
| 001 | c010787 | ||
| 005 | 20221206114701.3 | ||
| 020 | |a 951-702-000-7 | ||
| 041 | 0 | |a eng | |
| 044 | |a SE | ||
| 245 | 1 | 0 | |a <The> Internationalization of Industrial Systems Suppliers |b <A> Case Study of the Internationalization Process of Industrial Systems Suppliers with Special Emphasis on Strategy and Organization |c Heikki M. Kosonen |
| 250 | |a 1. ed. | ||
| 264 | 1 | |a Helsinki |b The Helsinki School of Economics and Business Administration |c 1991 | |
| 300 | |a 311 s. | ||
| 490 | 1 | |a Acta Academiae Oeconomicae Helsingiensis | |
| 830 | 0 | |a Acta Academiae Oeconomicae Helsingiensis | |
| 610 | 2 | 0 | |a priemysel |
| 610 | 2 | 0 | |a zásobovanie |
| 610 | 2 | 0 | |a internacionalizácia výroby |
| 610 | 2 | 0 | |a prostredie ekonomické |
| 610 | 2 | 0 | |a stratégia hospodárska |
| 610 | 2 | 0 | |a stratégia marketingová |
| 610 | 2 | 0 | |a štúdie prípadové |
| 100 | 1 | |a Kosonen, Heikki M. | |